| 000 | 00766nam a22002177a 4500 | ||
|---|---|---|---|
| 999 |
_c14325 _d14325 |
||
| 003 | AR-CdUCM | ||
| 008 | 190422b ||||| |||| 00| 0 spa d | ||
| 040 |
_aMUNICIPALIDAD PROVINCIAL DEL CUSCO _cBIBLIOTECA MUNICIPAL DEL CUSCO |
||
| 082 |
_a867.41 / _bV37 / 1976 |
||
| 100 |
_aVega, Fernán _933047 |
||
| 245 |
_aEntre verdes y azules : _bPoemas al paso / |
||
| 260 |
_aNueva York : _bHispanic printing corporation, _c1976. |
||
| 300 |
_a35 páginas ; _c21 cm. |
||
| 500 | _aDonación a la familia Nieto. | ||
| 505 | _aContenido : Poemas del camino -- Frente al árbol -- Hierba -- Tres motivos de tala innecesaria ... | ||
| 650 |
_aPoemas _9929 |
||
| 650 |
_aSiglo XX _98 |
||
| 650 |
_aLatinoamericana _95799 |
||
| 942 |
_2ddc _cLIBROS |
||
| 945 |
_arah _d22/04/2019 |
||